[Event "Konnerud Autumn"]
[Site "Konnerud"]
[Date "2017.11.22"]
[Round "8"]
[White "Stenseng, Benjamin"]
[Black "Zogla, Kristian"]
[Result "0-1"]
[WhiteElo "1171"]
[BlackElo "1700"]
[PlyCount "144"]
[EventDate "2017.09.20"]
[EventType "swiss"]
[EventRounds "9"]
[EventCountry "NOR"]
[SourceTitle "EXT 2024"]
[Source "ChessBase"]
[SourceDate "2023.10.10"]
[SourceVersion "1"]
[SourceVersionDate "2023.10.10"]
[SourceQuality "1"]

1. d4 Nf6 2. c4 c6 3. Nf3 d5 4. Nc3 Bg4 5. Bf4 e6 6. h3 Bh5 7. e3 Be7 8. Bd3 0-0 9. a3 dxc4 10. Bxc4 Nbd7 11. e4 Nb6 12. Be2 c5 13. dxc5 Bxc5 14. b4 Bxf3 15. Bxf3 Bd4 16. Qb3 Rc8 17. Rc1 e5 18. Bg5 h6 19. Bxf6 gxf6 20. 0-0 Qd7 21. Bg4 Qd6 22. Bxc8 Rxc8 23. Nb5 Qd7 24. Rxc8+ Nxc8 25. Rc1 Bxf2+ 26. Kf1 Bb6 27. a4 a6 28. Rd1 Qc6 29. Nc3 Ne7 30. Nd5 Nxd5 31. Rxd5 Qc1+ 32. Qd1 Qe3 33. Qf3 Qc1+ 34. Rd1 Qc4+ 35. Rd3 Qxb4 36. Rb3 Qd4 37. Ke2 Kf8 38. Qxf6 Qc4+ 39. Rd3 Qxe4+ 40. Kd2 Qxg2+ 41. Kc3 Bd4+ 42. Kb3 Qb2+ 43. Kc4 Qa2+ 44. Kb4 a5+ 45. Kxa5 b6+ 46. Kb5 Qb1+ 47. Kc4 Qc2+ 48. Kd5 Qxd3 49. Qxh6+ Kg8 50. Qg5+ Qg6 51. Qd8+ Kg7 52. Qe7 Qe6+ 53. Qxe6 fxe6+ 54. Ke4 Kh6 55. Kf3 Kh5 56. Ke4 Kh4 57. Kf3 Kxh3 58. Ke4 Kg4 59. Kd3 Kf3 60. a5 bxa5 61. Kd2 e4 62. Ke1 a4 63. Kd2 a3 64. Kc2 e3 65. Kd3 Bb2 66. Kc4 a2 67. Kd3 a1Q 68. Kc4 e2 69. Kb3 e1Q 70. Kc4 Qac1+ 71. Kb3 Qcc3+ 72. Ka4 Qb4# 0-1